Freud's woman

Gespeichert in:
Bibliographische Detailangaben
1. Verfasser: Appignanesi, Lisa
Format: Buch
Sprache:Undetermined
Veröffentlicht: England Penguin books 2000
Schlagworte:
Tags: Tag hinzufügen
Keine Tags, Fügen Sie den ersten Tag hinzu!
Thư viện lưu trữ: Trung tâm Học liệu Trường Đại học Cần Thơ
LEADER 00525nam a2200181Ia 4500
001 CTU_121768
008 210402s9999 xx 000 0 und d
082 |a 150.1952 
082 |b L769 
100 |a Appignanesi, Lisa 
245 0 |a Freud's woman 
260 |a England 
260 |b Penguin books 
260 |c 2000 
650 |a Freud, Sigmund, 1856-1939,Women and psychoanalysis,Women psychoanalysts 
650 |x Relations with women,History 
904 |i Giang 
980 |a Trung tâm Học liệu Trường Đại học Cần Thơ